LA and LR 2020 legal awareness and legal reasoning : (Record no. 168670)

MARC details
000 -LEADER
fixed length control field 00649nam a22001817a 4500
005 - DATE AND TIME OF LATEST TRANSACTION
control field 20191018164153.0
010 ## - LCCN (DPL NO)
LC control number ENG-126711
020 ## - INTERNATIONAL STANDARD BOOK NUMBER
International Standard Book Number 9789389552294
Terms of availability 750.00
035 ## - SYSTEM CONTROL NUMBER
System control number EN-110243
037 ## - SOURCE OF ACQUISITION
Source of stock number/acquisition DBAD/PUB
082 ## - DEWEY DECIMAL CLASSIFICATION NUMBER
Classification number 000
100 ## - MAIN ENTRY--PERSONAL NAME
Personal name Bhardwaj, A.P.
245 ## - TITLE STATEMENT
Title LA and LR 2020 legal awareness and legal reasoning :
Statement of responsibility, etc by Ajeet Jha
Remainder of title legal CLAT, AILET, SLAT and other law entrance examinations /
260 ## - PUBLICATION, DISTRIBUTION, ETC. (IMPRINT)
Place of publication, distribution, etc Noida
Name of publisher, distributor, etc Pearson India Education
Date of publication, distribution, etc 2020
270 ## - ADDRESS
Address 15th Floor, Towe-B, World Trade Tower, Plot No.1, Block-C, Sector-16
City Noida
Postal code 201301
300 ## - PHYSICAL DESCRIPTION
Extent various paging
Dimensions 25cm(pbk)
942 ## - ADDED ENTRY ELEMENTS (KOHA)
Source of classification or shelving scheme Dewey Decimal Classification
Item type English Books
Classification part 000
Call number suffix BHA
Holdings
Withdrawn status Lost status Not for loan Collection code Home library Current library Date acquired Source of acquisition Cost, normal purchase price Full call number Barcode Copy number Cost, replacement price Koha item type
      Non-fiction Andrews Gunj Andrews Gunj 18/10/2019 DBAD/PUB 750.00 000 BHA EN-110243 1 750.00 English Books

© Delhi Public Library
Hit Counter
free hit counter